Premier League Clubs Top Scorers - 2010's - Statistics

General Stats
  • This quiz has been taken 146 times
  • The average score is 52 of 119
Answer Stats
Answer % Correct
Sergio Aguero
98%
Mohamed Salah
95%
Sadio Mane
95%
Edin Dzeko
94%
Luis Suarez
94%
Roberto Firmino
93%
Zlatan Ibrahimovic
92%
Robin van Persie
91%
Wayne Rooney
91%
Yaya Toure
91%
Harry Kane
90%
Raheem Sterling
90%
Romelu Lukaku
89%
Anthony Martial
88%
Eden Hazard
88%
Pierre-Emerick Aubameyang
86%
Alexis Sanchez
84%
Demba Ba
83%
Gareth Bale
81%
Paul Pogba
80%
Diego Costa
79%
Frank Lampard
77%
Alexandre Lacazette
76%
Dirk Kuyt
75%
Carlos Tevez
74%
Emmanuel Adebayor
74%
Olivier Giroud
74%
Jamie Vardy
72%
Steven Gerrard
72%
Dimitar Berbatov
69%
Michail Antonio
69%
Richarlison
68%
Dominic Calvert-Lewin
67%
Marko Arnautovic
65%
Teemu Pukki
64%
Aleksandar Mitrović
62%
Raul Jimenez
62%
Theo Walcott
62%
Tim Cahill
61%
Chris Wood
59%
Callum Wilson
58%
Tammy Abraham
58%
Andre Ayew
56%
Jordan Ayew
56%
Xherdan Shaqiri
56%
Clint Dempsey
55%
Danny Ings
53%
Darren Bent
53%
Graziano Pelle
53%
Ayoze Perez
52%
Christian Benteke
51%
Florent Malouda
49%
Joshua King
49%
Michu
49%
Papiss Demba Cissé
49%
Rafael van der Vaart
49%
Salomón Rondón
49%
Jermain Defoe
48%
Troy Deeney
48%
Wilfried Bony
46%
Andy Carroll
44%
Peter Crouch
43%
Marouane Fellaini
36%
Jack Grealish
34%
Ashley Barnes
33%
Fernando Llorente
32%
Georginio Wijnaldum
32%
Rickie Lambert
32%
Gerard Deulofeu
30%
Charlie Adam
29%
Yakubu Aiyegbeni
29%
Loic Rémy
28%
Saido Berahino
28%
Charlie Austin
27%
Mame Diouf
27%
Odion Ighlao
27%
Luka Milivojevic
26%
Alvaro Negredo
22%
Nikica Jelavic
22%
Adam Johnson
21%
Asamoah Gyan
21%
Kenwyne Jones
21%
Jay Rodriguez
20%
Leonardo Ulloa
18%
Steven Fletcher
17%
Jonathan Walters
16%
Abdoulaye Doucoure
15%
Kevin Nolan
15%
Peter Odemwingie
15%
Sam Vokes
15%
Steve Mounie
15%
Robert Snodgrass
13%
Arouna Kone
12%
Glenn Murray
12%
Jonjo Shelvey
12%
Nathan Redmond
12%
Grant Holt
11%
Johan Elmander
11%
Nicklas Bendtner
11%
DJ Campbell
10%
Bobby De Cordova-Reid
9%
Dwight Gayle
9%
Dieumerci Mbokani
8%
Lys Mousset
8%
Nikola Kalinic
8%
Diafra Sakho
7%
Adam Le Fondre
6%
Danny Graham
6%
Charles N'Zogbia
5%
Connor Wickham
5%
Ivan Klasnic
5%
Franco Di Santo
4%
Jordan Mutch
4%
Craig Gardner
3%
Gary Hooper
3%
Karlan Grant
3%
Heidar Helguson
2%
Steve Sidwell
2%
No matching quizzes found
Score Distribution
Percent of People with Each Score
Percentile by Number Answered
Your Score History
You have not taken this quiz